Minecraft Crafting Recipes #2 - Statistics

General Stats
  • This quiz has been taken 311 times
  • The average score is 34 of 45
Answer Stats
Recipe Answer % Correct
Fishing Rod Stick
97%
Fishing Rod Stick
97%
Fishing Rod Stick
96%
Fishing Rod String
96%
Fishing Rod String
95%
Fence Stick
82%
Beacon Glass
79%
Beacon Glass
79%
Beacon Glass
79%
Beacon Glass
79%
Beacon Glass
79%
Beacon Nether Star
77%
Fence Stick
77%
Painting Stick
77%
Painting Stick
77%
Painting Stick
77%
Painting Stick
77%
Painting Stick
77%
Fishing Rod Air
76%
Fishing Rod Air
76%
Fishing Rod Air
76%
Fishing Rod Air
76%
Beacon Obsidian
76%
Beacon Obsidian
76%
Beacon Obsidian
76%
Painting Stick
76%
Painting Stick
76%
Painting Stick
76%
Fence Wooden Planks
72%
Fence Wooden Planks
72%
Fence Wooden Planks
72%
Fence Wooden Planks
72%
Fence Air
71%
Fence Air
70%
Fence Air
70%
Painting Wool
69%
Redstone Lamp Redstone
67%
Redstone Lamp Redstone
67%
Redstone Lamp Redstone
67%
Redstone Lamp Redstone
65%
Redstone Lamp Air
61%
Redstone Lamp Air
61%
Redstone Lamp Air
59%
Redstone Lamp Air
59%
Redstone Lamp Glowstone
59%
No matching quizzes found
Score Distribution
Percent of People with Each Score
Percentile by Number Answered
Your Score History
You have not taken this quiz